| 000 | 00829cam a2200217 a 4500 | ||
|---|---|---|---|
| 001 | 000004878 | ||
| 005 | 20200929151526.0 | ||
| 008 | 761007s1970 sp 001 0bspa | ||
| 040 |
_aDO-SdBNP _cKU _dOCoLC _dPrRU _dDLC |
||
| 082 |
_a860.4 _bU54C, 1970 |
||
| 100 | 1 |
_aChaves, Julio César. _914117 |
|
| 245 | 1 | 0 |
_aUnamuno y América / _cJulio César Chaves; prólogo de Joaquín Ruiz Giménez. |
| 250 | _a2a ed. | ||
| 260 |
_aMadrid : _bEdiciones Cultura Hispánica, _c1970. |
||
| 300 |
_axxiv, 425 p. ; _c22 cm. |
||
| 650 | 4 |
_aLiteratura latinoamericana _xEnsayos, conferencias, etc. _914118 |
|
| 650 | 4 |
_aLiteratura latinoamericana _xHistoria y crítica _95706 |
|
| 600 | 1 | 4 |
_aUNAMUNO, MIGUEL DE, _d1864-1936 _xCRÍTICA E INTERPRETACIÓN _914119 |
| 700 | 1 |
_aRuiz Giménez, Joaquín, _eprol. _914120 |
|
| 910 | _aCatalogación por copia | ||
| 999 |
_c4684 _d4684 |
||